Quản trị học : Những vấn đề cơ bản /

Gorde:
Xehetasun bibliografikoak
Egile nagusia: Nguyễn Tấn Phước
Formatua: Liburua
Hizkuntza:Vietnamese
Argitaratua: ĐNAI 1998
Etiketak: Etiketa erantsi
Etiketarik gabe, Izan zaitez lehena erregistro honi etiketa jartzen!
Thư viện lưu trữ: Mạng thư viện Đại học Đà Nẵng
LEADER 00644nam a2200265 4500
001 000027932
003 NG-PC
005 20150403120000.0
008 150403s vm 000 vie
020 |c 0,0000 
040 |a notts 
100 |a Nguyễn Tấn Phước 
245 |a Quản trị học : Những vấn đề cơ bản /  |c NguyễnTấn Phước. 
260 |b ĐNAI  |c 1998 
OWN |a LTT 
999 |a From the UDN01 
TYP |a Monograph 
TYP |a Printed language 
980 |a Mạng thư viện Đại học Đà Nẵng